000 00364nam a2200109Ia 4500
008 171204s9999 xx 000 0 und d
245 _aBlender 3D: Characters, Machines, and Scenes for Artists:
245 _cChristopher Kuhn and Enrico Valenza
260 _c2016
650 _xAdvanced 3D Computer Animation
856 _uhttp://down.ebook777.com/058/1787123146.pdf
999 _c346240
_d346240